|
|
|
|
| LEADER |
00000nam0a2200000 4500 |
| 001 |
291991 |
| 005 |
20231102000440.0 |
| 020 |
|
|
|a RU
|b 83-92510
|
| 035 |
|
|
|a (RuTPU)RU\TPU\book\316602
|
| 090 |
|
|
|a 291991
|
| 100 |
|
|
|a 20150418d1983 km y0rusy5003 ca
|
| 101 |
0 |
|
|a rus
|
| 102 |
|
|
|a RU
|
| 105 |
|
|
|a a z 001zy
|
| 200 |
1 |
|
|a Электронный бухгалтерский терминал "Нева-501"
|e эксплуатация и программирование
|f Р. А. Терман, М. М. Рыбаков
|
| 210 |
|
|
|a Москва
|c Финансы и статистика
|d 1983
|
| 215 |
|
|
|a 168 с.
|c ил.
|
| 320 |
|
|
|a Библиогр.: с. 166
|
| 606 |
1 |
|
|a Бухгалтерские машины
|x Вводные в выводные устройства
|2 stltpush
|3 (RuTPU)RU\TPU\subj\30734
|9 53796
|
| 610 |
1 |
|
|a терминалы
|
| 610 |
1 |
|
|a программирование
|
| 610 |
1 |
|
|a эксплуатация
|
| 610 |
1 |
|
|a техническое описание
|
| 610 |
1 |
|
|a технические требования
|
| 610 |
1 |
|
|a системное использование
|
| 610 |
1 |
|
|a назначение
|
| 675 |
|
|
|a 681.321
|z rus
|v 3
|
| 700 |
|
1 |
|a Терман
|b Р. А.
|g Рудольф Александрович
|4 070
|
| 701 |
|
1 |
|a Рыбаков
|b М. М.
|g Михаил Моисеевич
|4 070
|
| 801 |
|
0 |
|a RU
|b RuMRKP
|c 19950704
|g psbo
|
| 801 |
|
1 |
|a RU
|b 63413507
|c 20150418
|
| 801 |
|
2 |
|a RU
|b 63413507
|c 20180420
|g RCR
|
| 942 |
|
|
|c BK
|